00361 a2200121 4500001001000000005001700010008004100027245006000068100001900128700003200147773004300179999001700222ART_2620420260410161936.0260409a 10aXBRL: el nuevo paradigma de estados contables digitales1 aDíaz, Daniel1 aGaibazzi, María Florencia0 tSaberEsg- Nº 2 (jun. 2010)wREV26089 c29096d29096